| 000 | 00428nam a22001457a 4500 | ||
|---|---|---|---|
| 020 | _a81-8094-017-9 | ||
| 082 |
_a616.01076 _bSAR/V |
||
| 100 | _aSARAVANAN P | ||
| 245 | _aVIROLOGY | ||
| 260 |
_aCHENNAI _bMJP PUBLISHERS _c2006 |
||
| 300 | _a418 | ||
| 520 | _aINCLUDES TAXONOMY AND CLASSIFICATION, DESCRIPTION OF SIGNIFICANT VIRUSES, COVERS CLINICAL VIROLOGY, REVIEW QUESTIONS | ||
| 650 |
_aBIOLOGY REFERENCE _zINDIA |
||
| 942 | _cBK | ||
| 999 |
_c1370 _d1370 |
||